Dům rodu Safírů /

Young adult fantasy inspirované příběhem o Modrovousovi. Mladá čarodějka odhaluje tajemství domu, jehož dávný majitel zde zavraždil několik svých manželek.

Uloženo v:
Hlavní autor: Meyer, Marissa, 1984- (Autor)
Další autoři: Zejmanová, Jana (Autor)
Médium: Kniha
Jazyk:Czech
Vydáno: V Praze : CooBoo, 2026
Vydání:První vydání
Témata:
Celkem bylo vypůjčeno:0x
Tagy:
Žádné tagy
LEADER 02469nam a2200481 i 4500
001 106335
003 CZ PrNK
005 20260514073556.0
007 ta
008 260427s2026 xr d 000 f cze
015 |a cnb003754488 
020 |a 9788026742067  |q (vázáno) :  |c Kč 469,00 
040 |a TUG001  |b cze  |d ABG001  |e rda 
041 1 |a cze  |h eng 
072 7 |a 821.111(73)-3  |x Americká próza  |2 Konspekt  |9 25 
072 7 |a 821-93  |x Literatura pro děti a mládež (beletrie)  |2 Konspekt  |9 26 
080 |a 821.111(73)-31  |2 MRF 
080 |a 821-93  |2 MRF 
080 |a (0:82-312.9)  |2 MRF 
100 1 |a Meyer, Marissa,  |d 1984-  |7 xx0149497  |4 aut  |9 26480 
240 1 0 |a House Saphir.  |l Česky 
245 1 0 |a Dům rodu Safírů /  |c Marissa Meyerová ; přeložila Jana Zejmanová 
250 |a První vydání 
264 1 |a V Praze :  |b CooBoo,  |c 2026 
300 |a 366 stran ;  |c 22 cm 
336 |a text  |b txt  |2 rdacontent 
337 |a bez média  |b n  |2 rdamedia 
338 |a svazek  |b nc  |2 rdacarrier 
500 |a Přeloženo z angličtiny 
520 2 |a Young adult fantasy inspirované příběhem o Modrovousovi. Mladá čarodějka odhaluje tajemství domu, jehož dávný majitel zde zavraždil několik svých manželek.  |b Mallory vidí duchy. Jako čarodějka ale nestojí za nic - a tak se spolu se svou sestrou živí prodejem falešných kouzel a pořádáním prohlídek tajemného domu hraběte Le Bleua, který prý zabil své tři manželky. Náhle se však objeví jeho šarmantní prapravnuk Armand. Když sestrám nabídne balík peněz, aby zbavily jeho venkovské sídlo Le Bleuova ducha, nedokážou odolat. Pak ale dojde k další vraždě a Mallory zjistí, že nemůže věřit nikomu - ani svému srdci. Vždyť touží po někom, kdo je možná chladnokrevný zabiják... Nakladatelská anotace. 
521 1 |a Pro čtenáře od 13 let 
655 7 |a americké romány  |7 fd131796  |2 czenas  |9 53403 
655 7 |a fantasy romány  |7 fd184199  |2 czenas  |9 54250 
655 7 |a publikace pro mládež  |7 fd133157  |2 czenas  |9 110 
655 9 |a American fiction  |2 eczenas 
655 9 |a fantasy novels  |2 eczenas 
655 9 |a juvenile literature  |2 eczenas 
700 1 |a Zejmanová, Jana  |7 xx0069211  |4 trl  |9 46938 
710 2 |a CooBoo (nakladatelství)  |7 xx0255713  |4 pbl  |9 117181 
910 |a UOG502 
942 |2 ddc  |c KN 
999 |d 106335 
993 |0 0  |1 421180107056  |2 ddc  |4 0  |7 0  |9 99717  |b 0  |c 107056  |d 2026-05-14  |e 0  |f DOSP  |h 469.00  |i Koupě  |l DOSP  |r 2026-05-14  |t 6  |w 2026-05-14  |y KN  |z BELETM  |n